| 000 | 00439 a2200157 4500 | ||
|---|---|---|---|
| 003 | OSt | ||
| 005 | 20240112115902.0 | ||
| 008 | 240112b |||||||| |||| 00| 0 eng d | ||
| 040 | _coclc | ||
| 082 |
_a297 _bMAD/A |
||
| 100 |
_aMadani, Kunheedu K _910265 |
||
| 245 |
_aAhlussunnathi waljama-ath / _cK Kunheedu Madani |
||
| 260 |
_aKerala: _bKNM, _c2017. |
||
| 300 | _a124p | ||
| 942 |
_2ddc _cBK _h297 _iMAD/A _k297 _mMAD/A |
||
| 999 |
_c43178 _d43178 |
||